Largest cities with a map - USA - Statistics

General Stats
  • This quiz has been taken 581 times
    565 since last reset
  • The average score is 59 of 100
Answers on the Map
Answers color-coded by a green-red scale on the quiz's map according to % correct below.
 
Answer Stats
# Answer Pop. % Correct
1 New York 8,258,035
98%
2 Los Angeles 3,820,914
97%
42 Miami 455,924
97%
3 Chicago 2,664,452
95%
18 Seattle 755,078
95%
25 Boston 653,833
94%
4 Houston 2,314,157
94%
17 San Francisco 808,988
94%
9 Dallas 1,302,868
93%
24 Las Vegas 660,929
91%
26 Detroit 633,218
90%
6 Philadelphia 1,550,542
90%
11 Austin 979,882
89%
19 Denver 716,577
89%
5 Phoenix 1,650,070
89%
8 San Diego 1,388,320
88%
22 Washington 678,972
88%
37 Atlanta 510,823
87%
27 Portland 630,498
87%
38 Kansas City 510,704
86%
16 Indianapolis 879,293
84%
58 Orlando 320,742
84%
35 Sacramento 526,384
84%
53 New Orleans 364,136
83%
20 Oklahoma City 702,767
83%
21 Nashville 687,788
82%
46 Minneapolis 425,115
81%
7 San Antonio 1,495,295
81%
49 Tampa 403,364
81%
10 Jacksonville 985,843
80%
32 Albuquerque 560,274
77%
14 Columbus 913,175
76%
29 Memphis 618,639
76%
54 Cleveland 362,656
75%
23 El Paso 678,958
75%
31 Milwaukee 561,385
75%
30 Baltimore 565,239
73%
13 San Jose 969,655
73%
64 Cincinnati 311,097
72%
15 Charlotte 911,311
71%
81 Buffalo 274,678
70%
12 Fort Worth 978,468
70%
76 St. Louis 281,754
69%
68 Pittsburgh 303,255
68%
97 Boise 235,421
67%
55 Honolulu 341,778
67%
28 Louisville 622,981
65%
41 Raleigh 482,295
64%
33 Tucson 547,239
63%
40 Omaha 483,335
60%
100 Richmond 229,247
57%
45 Oakland 436,504
56%
67 St. Paul 303,820
56%
48 Tulsa 411,894
56%
43 Virginia Beach 453,649
56%
39 Colorado Springs 488,664
55%
80 Reno 274,915
55%
34 Fresno 545,716
54%
77 Madison 280,305
52%
74 Anchorage 286,075
51%
71 Lincoln 294,757
51%
66 Newark 304,960
51%
51 Wichita 396,119
48%
85 Toledo 265,304
43%
47 Bakersfield 413,381
42%
62 Corpus Christi 316,595
42%
99 Spokane 229,447
41%
92 Arlington (County) 248,700
40%
50 Arlington 398,431
39%
72 Jersey City 291,657
39%
44 Long Beach 449,468
39%
59 Lexington 320,154
38%
86 St. Petersburg 263,553
38%
69 Greensboro 302,296
37%
36 Mesa 511,648
37%
75 North Las Vegas 284,771
36%
56 Anaheim 340,512
35%
70 Durham 296,186
35%
98 Norfolk 230,930
34%
83 Fort Wayne 269,994
33%
61 Riverside 318,858
32%
91 Winston-Salem 252,975
32%
84 Lubbock 266,878
31%
94 Scottsdale 244,394
29%
52 Aurora 395,052
28%
87 Laredo 257,602
28%
57 Henderson 337,305
26%
60 Stockton 319,543
26%
90 Glendale 253.855
25%
65 Santa Ana 310,539
25%
63 Irvine 314,621
23%
73 Plano 290,190
23%
89 Chesapeake 253,886
21%
82 Chula Vista 274,333
21%
88 Irving 254,373
21%
78 Chandler 280,167
20%
79 Gilbert 275,411
18%
96 Garland 243,470
16%
93 Port St. Lucie 245,021
16%
95 Enterprise 243,700
10%
No matching quizzes found
Score Distribution
Percent of People with Each Score
Percentile by Number Answered
Your Score History
You have not taken this quiz since the last reset